Công ước của liên hợp quốc về quyền trẻ em
v.v...
Đã lưu trong:
| Định dạng: | Sách |
|---|---|
| Năm xuất bản: |
H.
Chính trị Quốc gia
2001
|
| Phiên bản: | In lần thứ 3 |
| Chủ đề: | |
| Tags: |
Thêm thẻ
Không có thẻ, Hãy là người đầu tiên gắn thẻ bản ghi này!
|
| LEADER | 01097nam a2200217 4500 | ||
|---|---|---|---|
| 082 | |a 341.48572 |b C455ư | ||
| 100 | |a | ||
| 245 | |a Công ước của liên hợp quốc về quyền trẻ em |c | ||
| 250 | |a In lần thứ 3 | ||
| 260 | |a H. |b Chính trị Quốc gia |c 2001 | ||
| 300 | |a 78 tr. |c 14 cm. | ||
| 520 | |a v.v... | ||
| 653 | |a Luật pháo | ||
| 653 | |a Công ước | ||
| 653 | |a Quyền trẻ em | ||
| 942 | |2 ddc |c STK0 | ||
| 999 | |c 8779 |d 8779 | ||
| 952 | |0 0 |1 0 |2 ddc |4 0 |6 341_485720000000000_C455Ư |7 0 |8 300 |9 71608 |a qbu |b qbu |c D2 |d 2015-05-01 |g 5000 |o 341.48572 C455ư |p 8835.c1 |r 0000-00-00 |w 2015-05-01 |y STK0 | ||
| 952 | |0 0 |1 0 |2 ddc |4 0 |6 341_485720000000000_C455Ư |7 0 |8 300 |9 71609 |a qbu |b qbu |c D2 |d 2015-05-01 |g 5000 |o 341.48572 C455ư |p 8835.c2 |r 0000-00-00 |w 2015-05-01 |y STK0 | ||
| 952 | |0 0 |1 0 |2 ddc |4 0 |6 341_485720000000000_C455Ư |7 0 |8 300 |9 71610 |a qbu |b qbu |c D2 |d 2015-05-01 |g 5000 |o 341.48572 C455ư |p 8835.c3 |r 0000-00-00 |w 2015-05-01 |y STK0 | ||
| 952 | |0 0 |1 0 |2 ddc |4 0 |6 341_485720000000000_C455Ư |7 0 |8 300 |9 71611 |a qbu |b qbu |c D2 |d 2015-05-01 |g 5000 |l 1 |o 341.48572 C455ư |p 8835.c4 |r 2016-01-26 |s 2016-01-18 |w 2015-05-01 |y STK0 | ||